Numbers speed run (to 30) in 15 seconds - Statistics

General Stats
  • This quiz has been taken 38 times
    19 since last reset
  • The average score is 29 of 30
Answer Stats
# Answer % Correct
1 1
100%
10 10
100%
13 13
100%
14` 14
100%
16 16
100%
17 17
100%
18 18
100%
19 19
100%
2 2
100%
20 20
100%
21 21
100%
22 22
100%
23 23
100%
24 24
100%
25 25
100%
26 26
100%
3 3
100%
4 4
100%
5 5
100%
6 6
100%
7 7
100%
8 8
100%
9 9
100%
11 11
83%
12 12
83%
15 15
83%
27 27
83%
28 28
83%
29 29
83%
30 30
67%
No matching quizzes found
Score Distribution
Percent of People with Each Score
Percentile by Number Answered
Your Score History
You have not taken this quiz since the last reset